Vizualizácia distribuovaných dokumentov v trojrozmernom priestore = Visualisation of distributed documents in three-dimensional space : Diplomová práca /

Guardado en:
Detalles Bibliográficos
Autor principal: Weis, Michal (Autor)
Otros Autores: Trka, Miroslav (Orientador)
Formato: Manuscrito Libro
Publicado: Bratislava : STU v Bratislave FEI, 1997
Materias:
Etiquetas: Agregar Etiqueta
Sin Etiquetas, Sea el primero en etiquetar este registro!

MARC

LEADER 00000ntm a22000003a 4500
001 stu9998
005 20160719164946.3
008 970707s1997----------------------------d
040 |a STU  |b slo 
041 0
100 1 |a Weis, Michal  |4 aut 
245 1 |a Vizualizácia distribuovaných dokumentov v trojrozmernom priestore = Visualisation of distributed documents in three-dimensional space :  |b Diplomová práca /  |c [aut.] Weis,Michal; Škol. Trka,Miroslav 
260 |a Bratislava :  |b STU v Bratislave FEI,  |c 1997 
300 |a 40 s  |c disketa 
650 7 |a informatika  |2 stusub 
700 1 |a Trka, Miroslav  |4 ths 
996 |b EDIPL-5361  |c I*DIPL-5361  |l II680  |s A  |a 24  |w stu9998_0001